000 00828nam a2200253Ia 4500
003 OSt
005 20220923211218.0
006 a|||||r|||| 00| 0
007 ta
008 220922b |||||||| |||| 00| 0 hin d
020 _a9788126715336 (hbk)
_c350
024 _a239,230
037 _b382, 29/01/2009, Vani Prakashan
_cTextual
040 _aARTS
_cARTS
_bhin
041 _2hin
_ahin
082 _aO152,3N60,RE, P8
100 _aमोरवाल, भगवानदास
_9156292
245 0 _aरेत
246 _aReta
260 _aनयी दिल्ली
_b राजकमल प्रकाशन
_c2008
300 _a323पृ.
_ccm.
942 _hO152,3N60,RE, P8
_cTEXL
_2CC
999 _c296989
_d296989